Los siete saberes necesarios para la educación del futuro

Enregistré dans:
Détails bibliographiques
Auteur principal: Morin, Edgar (autor)
Format: Livre
Langue:espagnol
Publié: Cuernavaca Dower 1999
Édition:1a. ed
Collection:Colección Educación y Cultura para el Nuevo Milenio
Sujets:
Tags: Ajouter un tag
Pas de tags, Soyez le premier à ajouter un tag!

MARC

LEADER 00000cam a2200000 a 4500
001 UCD7216
003 CL-VaPUC
008 170317e19990000mx |||||||||||||||||spa|d
020 |a 9789687474076 
082 0 4 |a 370.1  |b MOR  |2 21 
100 |a Morin, Edgar  |e autor  |9 459920 
245 1 4 |a Los siete saberes necesarios para la educación del futuro 
250 |a 1a. ed 
300 |a 108 p 
942 |c BK 
945 |d 20170317 22:16:00  |a dcastane 
260 |a Cuernavaca  |b Dower  |c 1999 
650 0 |a Filosofía de la educación   |9 258384 
650 0 |a Planificación de la educación   |9 307333 
650 0 |a Reforma educacional   |9 256319 
650 0 |a Cambio social   |9 256857 
583 |a last modification  |c 20170317 22:16:00  |k Rodrigo Vera 
490 0 |a Colección Educación y Cultura para el Nuevo Milenio 
999 |c 367280  |d 367278 
952 |0 0  |1 0  |3 erb  |4 0  |6 370_100000000000000_MOR_1999  |7 0  |8 A  |9 482094  |a BIBEDU  |b BIBEDU  |i 5365538  |o 370.1 MOR 1999  |p 5365538  |r 2019-11-24  |w 2019-11-24  |y BK  |z Catalogado en:20170317  |k EPE 
952 |0 0  |1 0  |3 erb  |4 0  |6 370_100000000000000_MOR_1999  |7 0  |8 A  |9 482095  |a BIBEDU  |b BIBEDU  |i 536552K  |o 370.1 MOR 1999  |p 536552K  |r 2019-11-24  |w 2019-11-24  |y BK  |z Catalogado en:20170317  |k EPE